| 000 | 01271cam a22001934a 4500 | ||
|---|---|---|---|
| 005 | 20250605164335.0 | ||
| 008 | 250528s ||||||||||||||||||||||||d | ||
| 035 | _a23410 | ||
| 040 |
_aGR-AtMCL _bgre _dGR-AtMCL _eAACR2 |
||
| 245 | 1 | _aDesign of Concrete Elements According to Eurocodes 2 and 8 Using MS Excel. | |
| 260 | _c2016 | ||
| 300 | _a111 | ||
| 520 | _aIntroduction, Designing Problems, the MS Excel Program, Introduction - Eurocodes, EN 1990 Eurocode 0: Basis of Structural Design, EN 1991 Eurocode 1: Actions on Structures, EN 1992 Eurocode 2: Design of Concrete Structures, EN 1998 Eurocode 8: Design of Structures for Erthquake Resistance 33, Solving by the Hand, Real Project - Basic Data, Slab Design, Beam Design, Using Microsoft Excel Software, Manual Software, Column Design, Solving with Finite Elemnet Analysis Program, Conclusion, Appendix, Czerny's Table, Four Edges Supported Slab, One Edge Supported Slab, Two Edges Supported Slab, Three Edges Supported Slab, Interaction Diagrams, Project Plan, Ethical Approval Form, Engagement with the Supervisor, Meeting Form 1, 2, 3, 4, 5, 6, 7, References, Bibliography. | ||
| 700 | 1 |
_aKampitis Ioannis _98977 |
|
| 700 | 1 |
_aSchiza Evrydiki _98978 |
|
| 942 | _cDS | ||
| 999 |
_c8430 _d8430 |
||